000 00506nam a2200169 i 4500
001 42734
003 ES-MaACL
005 20231204170717.0
007 t|
008 030313s1949 sp ||||1| spa d
100 1 _aCastro, Cristóbal de,
_d1874-1953
_936843
245 1 0 _aGenios e ingenios
_b: 41 semblanzas /
_cCristóbal de Castro.
260 _aMadrid :
_bEditora Nacional,
_c1949 (
_fArges)
300 _a230 p. ;
_c21 cm.
852 _aES-MaACL
_jC-5409
_bR.26950
999 _c42734
_d42734